Kabitar rup chaya (Record no. 3614)

MARC details
000 -LEADER
fixed length control field 00479cam a2200193ua 4500
008 - FIXED-LENGTH DATA ELEMENTS--GENERAL INFORMATION
fixed length control field 111208n ii |||gr||||Z||||||asm
020 ## - INTERNATIONAL STANDARD BOOK NUMBER
International Standard Book Number 81-7339-145-9
040 ## - CATALOGING SOURCE
Transcribing agency MAIN
082 ## - DEWEY DECIMAL CLASSIFICATION NUMBER
Classification number 891.4511
100 ## - MAIN ENTRY--PERSONAL NAME
Personal name Hazarika, Karabi Deka,
Relator term
245 11 - TITLE STATEMENT
Title Kabitar rup chaya
Statement of responsibility, etc. by Karabi Deka Hazarika
250 ## - EDITION STATEMENT
Edition statement 2nd.
260 ## - PUBLICATION, DISTRIBUTION, ETC.
Place of publication, distribution, etc. Dibrugarh:
Name of publisher, distributor, etc. Banalata,996.
300 ## - PHYSICAL DESCRIPTION
Extent 212p:
Dimensions 23cm.
942 ## - ADDED ENTRY ELEMENTS (KOHA)
Koha item type Books
653 ## - INDEX TERM--UNCONTROLLED
Uncontrolled term Assamese poem
653 ## - INDEX TERM--UNCONTROLLED
Uncontrolled term Kabitar rup chaya
Holdings
Withdrawn status Lost status Damaged status Not for loan Home library Current library Shelving location Date acquired Total Checkouts Full call number Barcode Date last seen Copy number Price effective from Koha item type Date last checked out
        Central Library, Naharkatiya College Central Library, Naharkatiya College General Stacks 19/09/2020   891.4511 | HAZ 7766 19/09/2020 3 19/09/2020 Books  
        Central Library, Naharkatiya College Central Library, Naharkatiya College General Stacks 19/09/2020 9 891.4511 | HAZ 7767 20/12/2023 7 19/09/2020 Books 25/11/2023
        Central Library, Naharkatiya College Central Library, Naharkatiya College General Stacks 19/09/2020 2 891.4511 | HAZ 7768 25/08/2023 8 19/09/2020 Books 22/08/2023
        Central Library, Naharkatiya College Central Library, Naharkatiya College General Stacks 19/09/2020 2 891.4511 | HAZ 7769 25/08/2023 9 19/09/2020 Books 12/08/2023
        Central Library, Naharkatiya College Central Library, Naharkatiya College General Stacks 19/09/2020 3 891.4511 | HAZ 7770 22/09/2023 4 19/09/2020 Books 29/08/2023
        Central Library, Naharkatiya College Central Library, Naharkatiya College General Stacks 19/09/2020 4 891.4511 | HAZ 9384 10/10/2023 6 19/09/2020 Books 23/09/2023
        Central Library, Naharkatiya College Central Library, Naharkatiya College General Stacks 19/09/2020 3 891.4511 | HAZ 9385 21/09/2023 10 19/09/2020 Books 02/09/2023
        Central Library, Naharkatiya College Central Library, Naharkatiya College General Stacks 19/09/2020 3 891.4511 | HAZ 9387 14/09/2023 2 19/09/2020 Books 30/08/2023
        Central Library, Naharkatiya College Central Library, Naharkatiya College General Stacks 19/09/2020 2 891.4511 | HAZ 9388 08/09/2023 1 19/09/2020 Books 12/08/2023
        Central Library, Naharkatiya College Central Library, Naharkatiya College General Stacks 19/09/2020 1 891.4511 | HAZ 9389 24/08/2023 5 19/09/2020 Books 02/08/2023

Naharkatiya College © 2020. All rights reserved.

Powered By